|
|
|
|
| LEADER |
01799cas a2200265 a 4500 |
| 001 |
AALejournalIMF008981 |
| 008 |
230101c9999 xx r poo 0 0eng d |
| 020 |
|
|
|c 5.00 USD
|
| 020 |
|
|
|z 9781451863383
|
| 022 |
|
|
|a 1018-5941
|
| 040 |
|
|
|a BD-DhAAL
|c BD-DhAAL
|
| 100 |
1 |
|
|a Cady, John.
|
| 245 |
1 |
0 |
|a Sovereign Borrowing Cost and the IMF's Data Standards Initiatives /
|c John Cady, Anthony Pellechio.
|
| 264 |
|
1 |
|a Washington, D.C. :
|b International Monetary Fund,
|c 2006.
|
| 300 |
|
|
|a 1 online resource (26 pages)
|
| 490 |
1 |
|
|a IMF Working Papers
|
| 500 |
|
|
|a <strong>Off-Campus Access:</strong> No User ID or Password Required
|
| 500 |
|
|
|a <strong>On-Campus Access:</strong> No User ID or Password Required
|
| 506 |
|
|
|a Electronic access restricted to authorized BRAC University faculty, staff and students
|
| 520 |
3 |
|
|a The effects of the IMF's data standards initiatives on sovereign borrowing costs in private capital markets are investigated for 26 emerging market and developing countries. Stable and significant panel econometric estimates indicate that subscription to the Special Data Dissemination Standard (SDDS) reduces launch spreads by an average of 20 percent while participation in the General Data Dissemination System (GDDS) reduces spreads for those countries with access to capital markets by an average of 8 percent. These estimates correspond to discounts of some 50 and 20 basis points, respectively. Evidence of similar discounts is also found when launch yields are analyzed.
|
| 538 |
|
|
|a Mode of access: Internet
|
| 651 |
|
7 |
|a Costa Rica
|2 imf
|
| 700 |
1 |
|
|a Pellechio, Anthony.
|
| 830 |
|
0 |
|a IMF Working Papers; Working Paper ;
|v No. 2006/078
|
| 856 |
4 |
0 |
|z Full text available on IMF
|u http://elibrary.imf.org/view/journals/001/2006/078/001.2006.issue-078-en.xml
|z IMF e-Library
|